<?xml version="1.0" encoding="UTF-8"?>
<record
    xmlns:xsi="http://www.w3.org/2001/XMLSchema-instance"
    xsi:schemaLocation="http://www.loc.gov/MARC21/slim http://www.loc.gov/standards/marcxml/schema/MARC21slim.xsd"
    xmlns="http://www.loc.gov/MARC21/slim">

  <leader>00819nam a22002897a 4500</leader>
  <datafield tag="999" ind1=" " ind2=" ">
    <subfield code="c">312113</subfield>
    <subfield code="d">312113</subfield>
  </datafield>
  <controlfield tag="001"> 25810 </controlfield>
  <controlfield tag="003">UA-OsUOA</controlfield>
  <controlfield tag="005">20200324093259.0</controlfield>
  <controlfield tag="007">ta</controlfield>
  <controlfield tag="008">20040428b un ||||| |||| 00| 0 ukr d</controlfield>
  <datafield tag="020" ind1=" " ind2=" ">
    <subfield code="a">9667760855</subfield>
  </datafield>
  <datafield tag="040" ind1=" " ind2=" ">
    <subfield code="a">UA-OsUOA</subfield>
    <subfield code="b">ukr</subfield>
    <subfield code="c">UA-OsUOA</subfield>
    <subfield code="d">UA-OsUOA</subfield>
  </datafield>
  <datafield tag="041" ind1=" " ind2=" ">
    <subfield code="a">ukr</subfield>
  </datafield>
  <datafield tag="044" ind1=" " ind2=" ">
    <subfield code="a">UA</subfield>
  </datafield>
  <datafield tag="080" ind1=" " ind2=" ">
    <subfield code="a">355.58(075)</subfield>
  </datafield>
  <datafield tag="090" ind1=" " ind2=" ">
    <subfield code="a">355.58(075)</subfield>
    <subfield code="b">&#x414;35</subfield>
  </datafield>
  <datafield tag="100" ind1=" " ind2=" ">
    <subfield code="a">&#x414;&#x435;&#x43F;&#x443;&#x442;&#x430;&#x442; &#x41E;.&#x41F;.</subfield>
  </datafield>
  <datafield tag="245" ind1=" " ind2=" ">
    <subfield code="a">&#x426;&#x438;&#x432;&#x456;&#x43B;&#x44C;&#x43D;&#x430; &#x43E;&#x431;&#x43E;&#x440;&#x43E;&#x43D;&#x430;</subfield>
    <subfield code="b">&#x41F;&#x456;&#x434;&#x440;&#x443;&#x447;&#x43D;&#x438;&#x43A;</subfield>
    <subfield code="c">&#x41E;.&#x41F;. &#x414;&#x435;&#x43F;&#x443;&#x442;&#x430;&#x442; , &#x406;.&#x412;. &#x41A;&#x43E;&#x432;&#x430;&#x43B;&#x435;&#x43D;&#x43A;&#x43E;, &#x406;.&#x421;. &#x41C;&#x443;&#x436;&#x438;&#x43A;; &#x420;&#x435;&#x434;. &#x412;.&#x421;. &#x424;&#x440;&#x430;&#x43D;&#x447;&#x443;&#x43A; </subfield>
  </datafield>
  <datafield tag="260" ind1=" " ind2=" ">
    <subfield code="a">&#x41B;&#x44C;&#x432;&#x456;&#x432;</subfield>
    <subfield code="b">&#x410;&#x444;&#x456;&#x448;&#x430;</subfield>
    <subfield code="c">2001</subfield>
  </datafield>
  <datafield tag="300" ind1=" " ind2=" ">
    <subfield code="a">336 &#x441;.</subfield>
  </datafield>
  <datafield tag="650" ind1=" " ind2="7">
    <subfield code="2">355.58(075)</subfield>
  </datafield>
  <datafield tag="650" ind1=" " ind2="7">
    <subfield code="2">355.58(075)</subfield>
  </datafield>
  <datafield tag="700" ind1=" " ind2=" ">
    <subfield code="a">&#x41A;&#x43E;&#x432;&#x430;&#x43B;&#x435;&#x43D;&#x43A;&#x43E; &#x406;.&#x412;.</subfield>
  </datafield>
  <datafield tag="700" ind1=" " ind2=" ">
    <subfield code="a">&#x41C;&#x443;&#x436;&#x438;&#x43A; &#x406;.&#x421;.</subfield>
  </datafield>
  <datafield tag="942" ind1=" " ind2=" ">
    <subfield code="c">BK</subfield>
    <subfield code="2">udc</subfield>
  </datafield>
  <datafield tag="955" ind1=" " ind2=" ">
    <subfield code="a">2</subfield>
  </datafield>
  <datafield tag="952" ind1=" " ind2=" ">
    <subfield code="0">0</subfield>
    <subfield code="1">0</subfield>
    <subfield code="2">udc</subfield>
    <subfield code="4">0</subfield>
    <subfield code="7">0</subfield>
    <subfield code="a">101</subfield>
    <subfield code="b">101</subfield>
    <subfield code="d">2006-08-15</subfield>
    <subfield code="i">59674</subfield>
    <subfield code="l">0</subfield>
    <subfield code="o">355.58(075) &#x414;35</subfield>
    <subfield code="p">59674</subfield>
    <subfield code="r">2021-12-20 00:00:00</subfield>
    <subfield code="w">2004-04-28</subfield>
    <subfield code="y">BK</subfield>
  </datafield>
  <datafield tag="952" ind1=" " ind2=" ">
    <subfield code="0">0</subfield>
    <subfield code="1">0</subfield>
    <subfield code="2">udc</subfield>
    <subfield code="4">0</subfield>
    <subfield code="7">0</subfield>
    <subfield code="a">101</subfield>
    <subfield code="b">101</subfield>
    <subfield code="d">2006-08-15</subfield>
    <subfield code="i">59675</subfield>
    <subfield code="l">0</subfield>
    <subfield code="o">355.58(075) &#x414;35</subfield>
    <subfield code="p">59675</subfield>
    <subfield code="r">2021-12-20 00:00:00</subfield>
    <subfield code="w">2004-04-28</subfield>
    <subfield code="y">BK</subfield>
  </datafield>
  <datafield tag="952" ind1=" " ind2=" ">
    <subfield code="0">0</subfield>
    <subfield code="1">0</subfield>
    <subfield code="2">udc</subfield>
    <subfield code="4">0</subfield>
    <subfield code="7">0</subfield>
    <subfield code="a">101</subfield>
    <subfield code="b">101</subfield>
    <subfield code="d">2012-08-28</subfield>
    <subfield code="i">59677</subfield>
    <subfield code="l">0</subfield>
    <subfield code="o">355.58(075) &#x414;35</subfield>
    <subfield code="p">59677</subfield>
    <subfield code="r">2021-12-20 00:00:00</subfield>
    <subfield code="w">2004-04-28</subfield>
    <subfield code="y">BK</subfield>
  </datafield>
  <datafield tag="952" ind1=" " ind2=" ">
    <subfield code="0">0</subfield>
    <subfield code="1">0</subfield>
    <subfield code="2">udc</subfield>
    <subfield code="4">0</subfield>
    <subfield code="7">0</subfield>
    <subfield code="a">101</subfield>
    <subfield code="b">101</subfield>
    <subfield code="d">2006-08-17</subfield>
    <subfield code="i">59678</subfield>
    <subfield code="l">0</subfield>
    <subfield code="o">355.58(075) &#x414;35</subfield>
    <subfield code="p">59678</subfield>
    <subfield code="r">2021-12-20 00:00:00</subfield>
    <subfield code="w">2004-04-28</subfield>
    <subfield code="y">BK</subfield>
  </datafield>
  <datafield tag="952" ind1=" " ind2=" ">
    <subfield code="0">0</subfield>
    <subfield code="1">0</subfield>
    <subfield code="2">udc</subfield>
    <subfield code="4">0</subfield>
    <subfield code="7">0</subfield>
    <subfield code="a">101</subfield>
    <subfield code="b">101</subfield>
    <subfield code="d">2006-08-15</subfield>
    <subfield code="i">59680</subfield>
    <subfield code="l">0</subfield>
    <subfield code="o">355.58(075) &#x414;35</subfield>
    <subfield code="p">59680</subfield>
    <subfield code="r">2021-12-20 00:00:00</subfield>
    <subfield code="w">2004-04-28</subfield>
    <subfield code="y">BK</subfield>
  </datafield>
  <datafield tag="952" ind1=" " ind2=" ">
    <subfield code="0">0</subfield>
    <subfield code="1">0</subfield>
    <subfield code="2">udc</subfield>
    <subfield code="4">0</subfield>
    <subfield code="7">0</subfield>
    <subfield code="a">101</subfield>
    <subfield code="b">101</subfield>
    <subfield code="d">2012-08-28</subfield>
    <subfield code="i">59681</subfield>
    <subfield code="l">0</subfield>
    <subfield code="o">355.58(075) &#x414;35</subfield>
    <subfield code="p">59681</subfield>
    <subfield code="r">2021-12-20 00:00:00</subfield>
    <subfield code="w">2004-04-28</subfield>
    <subfield code="y">BK</subfield>
  </datafield>
  <datafield tag="952" ind1=" " ind2=" ">
    <subfield code="0">0</subfield>
    <subfield code="1">0</subfield>
    <subfield code="2">udc</subfield>
    <subfield code="4">0</subfield>
    <subfield code="7">0</subfield>
    <subfield code="a">101</subfield>
    <subfield code="b">101</subfield>
    <subfield code="d">2006-08-15</subfield>
    <subfield code="i">59682</subfield>
    <subfield code="l">0</subfield>
    <subfield code="o">355.58(075) &#x414;35</subfield>
    <subfield code="p">59682</subfield>
    <subfield code="r">2021-12-20 00:00:00</subfield>
    <subfield code="w">2004-04-28</subfield>
    <subfield code="y">BK</subfield>
  </datafield>
  <datafield tag="952" ind1=" " ind2=" ">
    <subfield code="0">0</subfield>
    <subfield code="1">0</subfield>
    <subfield code="2">udc</subfield>
    <subfield code="4">0</subfield>
    <subfield code="7">0</subfield>
    <subfield code="a">101</subfield>
    <subfield code="b">101</subfield>
    <subfield code="d">2006-08-15</subfield>
    <subfield code="i">59683</subfield>
    <subfield code="l">0</subfield>
    <subfield code="o">355.58(075) &#x414;35</subfield>
    <subfield code="p">59683</subfield>
    <subfield code="r">2021-12-20 00:00:00</subfield>
    <subfield code="w">2004-04-28</subfield>
    <subfield code="y">BK</subfield>
  </datafield>
  <datafield tag="952" ind1=" " ind2=" ">
    <subfield code="0">0</subfield>
    <subfield code="1">0</subfield>
    <subfield code="2">udc</subfield>
    <subfield code="4">0</subfield>
    <subfield code="7">0</subfield>
    <subfield code="a">101</subfield>
    <subfield code="b">101</subfield>
    <subfield code="d">2006-08-15</subfield>
    <subfield code="i">59684</subfield>
    <subfield code="l">0</subfield>
    <subfield code="o">355.58(075) &#x414;35</subfield>
    <subfield code="p">59684</subfield>
    <subfield code="r">2021-12-20 00:00:00</subfield>
    <subfield code="w">2004-04-28</subfield>
    <subfield code="y">BK</subfield>
  </datafield>
  <datafield tag="952" ind1=" " ind2=" ">
    <subfield code="0">0</subfield>
    <subfield code="1">0</subfield>
    <subfield code="2">udc</subfield>
    <subfield code="4">0</subfield>
    <subfield code="7">0</subfield>
    <subfield code="a">101</subfield>
    <subfield code="b">101</subfield>
    <subfield code="d">2006-08-15</subfield>
    <subfield code="i">59685</subfield>
    <subfield code="l">0</subfield>
    <subfield code="o">355.58(075) &#x414;35</subfield>
    <subfield code="p">59685</subfield>
    <subfield code="r">2021-12-20 00:00:00</subfield>
    <subfield code="w">2004-04-28</subfield>
    <subfield code="y">BK</subfield>
  </datafield>
  <datafield tag="952" ind1=" " ind2=" ">
    <subfield code="0">0</subfield>
    <subfield code="1">0</subfield>
    <subfield code="2">udc</subfield>
    <subfield code="4">0</subfield>
    <subfield code="7">0</subfield>
    <subfield code="a">101</subfield>
    <subfield code="b">101</subfield>
    <subfield code="d">2006-08-15</subfield>
    <subfield code="i">59686</subfield>
    <subfield code="l">0</subfield>
    <subfield code="o">355.58(075) &#x414;35</subfield>
    <subfield code="p">59686</subfield>
    <subfield code="r">2021-12-20 00:00:00</subfield>
    <subfield code="w">2004-04-28</subfield>
    <subfield code="y">BK</subfield>
  </datafield>
  <datafield tag="952" ind1=" " ind2=" ">
    <subfield code="0">0</subfield>
    <subfield code="1">0</subfield>
    <subfield code="2">udc</subfield>
    <subfield code="4">0</subfield>
    <subfield code="7">0</subfield>
    <subfield code="a">101</subfield>
    <subfield code="b">101</subfield>
    <subfield code="d">2006-08-15</subfield>
    <subfield code="i">59687</subfield>
    <subfield code="l">0</subfield>
    <subfield code="o">355.58(075) &#x414;35</subfield>
    <subfield code="p">59687</subfield>
    <subfield code="r">2021-12-20 00:00:00</subfield>
    <subfield code="w">2004-04-28</subfield>
    <subfield code="y">BK</subfield>
  </datafield>
  <datafield tag="952" ind1=" " ind2=" ">
    <subfield code="0">0</subfield>
    <subfield code="1">0</subfield>
    <subfield code="2">udc</subfield>
    <subfield code="4">0</subfield>
    <subfield code="7">0</subfield>
    <subfield code="a">101</subfield>
    <subfield code="b">101</subfield>
    <subfield code="d">2006-08-15</subfield>
    <subfield code="i">59688</subfield>
    <subfield code="l">0</subfield>
    <subfield code="o">355.58(075) &#x414;35</subfield>
    <subfield code="p">59688</subfield>
    <subfield code="r">2021-12-20 00:00:00</subfield>
    <subfield code="w">2004-04-28</subfield>
    <subfield code="y">BK</subfield>
  </datafield>
  <datafield tag="952" ind1=" " ind2=" ">
    <subfield code="0">0</subfield>
    <subfield code="1">0</subfield>
    <subfield code="2">udc</subfield>
    <subfield code="4">0</subfield>
    <subfield code="7">0</subfield>
    <subfield code="a">101</subfield>
    <subfield code="b">101</subfield>
    <subfield code="d">2006-08-15</subfield>
    <subfield code="i">59689</subfield>
    <subfield code="l">0</subfield>
    <subfield code="o">355.58(075) &#x414;35</subfield>
    <subfield code="p">59689</subfield>
    <subfield code="r">2021-12-20 00:00:00</subfield>
    <subfield code="w">2004-04-28</subfield>
    <subfield code="y">BK</subfield>
  </datafield>
  <datafield tag="952" ind1=" " ind2=" ">
    <subfield code="0">0</subfield>
    <subfield code="1">0</subfield>
    <subfield code="2">udc</subfield>
    <subfield code="4">0</subfield>
    <subfield code="7">0</subfield>
    <subfield code="a">101</subfield>
    <subfield code="b">101</subfield>
    <subfield code="d">2006-08-15</subfield>
    <subfield code="i">59690</subfield>
    <subfield code="l">0</subfield>
    <subfield code="o">355.58(075) &#x414;35</subfield>
    <subfield code="p">59690</subfield>
    <subfield code="r">2021-12-20 00:00:00</subfield>
    <subfield code="w">2004-04-28</subfield>
    <subfield code="y">BK</subfield>
  </datafield>
  <datafield tag="952" ind1=" " ind2=" ">
    <subfield code="0">0</subfield>
    <subfield code="1">0</subfield>
    <subfield code="2">udc</subfield>
    <subfield code="4">0</subfield>
    <subfield code="7">0</subfield>
    <subfield code="a">101</subfield>
    <subfield code="b">101</subfield>
    <subfield code="d">2006-08-15</subfield>
    <subfield code="i">59691</subfield>
    <subfield code="l">0</subfield>
    <subfield code="o">355.58(075) &#x414;35</subfield>
    <subfield code="p">59691</subfield>
    <subfield code="r">2021-12-20 00:00:00</subfield>
    <subfield code="w">2004-04-28</subfield>
    <subfield code="y">BK</subfield>
  </datafield>
  <datafield tag="952" ind1=" " ind2=" ">
    <subfield code="0">0</subfield>
    <subfield code="1">0</subfield>
    <subfield code="2">udc</subfield>
    <subfield code="4">0</subfield>
    <subfield code="7">0</subfield>
    <subfield code="a">101</subfield>
    <subfield code="b">101</subfield>
    <subfield code="d">2006-08-15</subfield>
    <subfield code="i">59692</subfield>
    <subfield code="l">0</subfield>
    <subfield code="o">355.58(075) &#x414;35</subfield>
    <subfield code="p">59692</subfield>
    <subfield code="r">2021-12-20 00:00:00</subfield>
    <subfield code="w">2004-04-28</subfield>
    <subfield code="y">BK</subfield>
  </datafield>
  <datafield tag="952" ind1=" " ind2=" ">
    <subfield code="0">0</subfield>
    <subfield code="1">0</subfield>
    <subfield code="2">udc</subfield>
    <subfield code="4">0</subfield>
    <subfield code="7">0</subfield>
    <subfield code="a">101</subfield>
    <subfield code="b">101</subfield>
    <subfield code="d">2006-08-15</subfield>
    <subfield code="i">59693</subfield>
    <subfield code="l">0</subfield>
    <subfield code="o">355.58(075) &#x414;35</subfield>
    <subfield code="p">59693</subfield>
    <subfield code="r">2021-12-20 00:00:00</subfield>
    <subfield code="w">2004-04-28</subfield>
    <subfield code="y">BK</subfield>
  </datafield>
  <datafield tag="952" ind1=" " ind2=" ">
    <subfield code="0">0</subfield>
    <subfield code="1">0</subfield>
    <subfield code="2">udc</subfield>
    <subfield code="4">0</subfield>
    <subfield code="7">0</subfield>
    <subfield code="a">101</subfield>
    <subfield code="b">101</subfield>
    <subfield code="d">2006-08-15</subfield>
    <subfield code="i">59729</subfield>
    <subfield code="l">0</subfield>
    <subfield code="o">355.58(075) &#x414;35</subfield>
    <subfield code="p">59729</subfield>
    <subfield code="r">2021-12-20 00:00:00</subfield>
    <subfield code="w">2004-04-28</subfield>
    <subfield code="y">BK</subfield>
  </datafield>
  <datafield tag="952" ind1=" " ind2=" ">
    <subfield code="0">0</subfield>
    <subfield code="1">0</subfield>
    <subfield code="2">udc</subfield>
    <subfield code="4">0</subfield>
    <subfield code="7">0</subfield>
    <subfield code="a">101</subfield>
    <subfield code="b">101</subfield>
    <subfield code="d">2006-08-15</subfield>
    <subfield code="i">59730</subfield>
    <subfield code="l">0</subfield>
    <subfield code="o">355.58(075) &#x414;35</subfield>
    <subfield code="p">59730</subfield>
    <subfield code="r">2021-12-20 00:00:00</subfield>
    <subfield code="w">2004-04-28</subfield>
    <subfield code="y">BK</subfield>
  </datafield>
  <datafield tag="952" ind1=" " ind2=" ">
    <subfield code="0">0</subfield>
    <subfield code="1">0</subfield>
    <subfield code="2">udc</subfield>
    <subfield code="4">0</subfield>
    <subfield code="7">0</subfield>
    <subfield code="a">101</subfield>
    <subfield code="b">101</subfield>
    <subfield code="d">2006-08-15</subfield>
    <subfield code="i">59731</subfield>
    <subfield code="l">0</subfield>
    <subfield code="o">355.58(075) &#x414;35</subfield>
    <subfield code="p">59731</subfield>
    <subfield code="r">2021-12-20 00:00:00</subfield>
    <subfield code="w">2004-04-28</subfield>
    <subfield code="y">BK</subfield>
  </datafield>
  <datafield tag="952" ind1=" " ind2=" ">
    <subfield code="0">0</subfield>
    <subfield code="1">0</subfield>
    <subfield code="2">udc</subfield>
    <subfield code="4">0</subfield>
    <subfield code="7">0</subfield>
    <subfield code="a">101</subfield>
    <subfield code="b">101</subfield>
    <subfield code="d">2006-08-15</subfield>
    <subfield code="i">59733</subfield>
    <subfield code="l">0</subfield>
    <subfield code="o">355.58(075) &#x414;35</subfield>
    <subfield code="p">59733</subfield>
    <subfield code="r">2021-12-20 00:00:00</subfield>
    <subfield code="w">2004-04-28</subfield>
    <subfield code="y">BK</subfield>
  </datafield>
  <datafield tag="952" ind1=" " ind2=" ">
    <subfield code="0">0</subfield>
    <subfield code="1">0</subfield>
    <subfield code="2">udc</subfield>
    <subfield code="4">0</subfield>
    <subfield code="7">0</subfield>
    <subfield code="a">101</subfield>
    <subfield code="b">101</subfield>
    <subfield code="d">2006-08-15</subfield>
    <subfield code="i">59734</subfield>
    <subfield code="l">0</subfield>
    <subfield code="o">355.58(075) &#x414;35</subfield>
    <subfield code="p">59734</subfield>
    <subfield code="r">2021-12-20 00:00:00</subfield>
    <subfield code="w">2004-04-28</subfield>
    <subfield code="y">BK</subfield>
  </datafield>
  <datafield tag="952" ind1=" " ind2=" ">
    <subfield code="0">0</subfield>
    <subfield code="1">0</subfield>
    <subfield code="2">udc</subfield>
    <subfield code="4">0</subfield>
    <subfield code="7">0</subfield>
    <subfield code="a">101</subfield>
    <subfield code="b">101</subfield>
    <subfield code="d">2012-08-28</subfield>
    <subfield code="i">59735</subfield>
    <subfield code="l">0</subfield>
    <subfield code="o">355.58(075) &#x414;35</subfield>
    <subfield code="p">59735</subfield>
    <subfield code="r">2021-12-20 00:00:00</subfield>
    <subfield code="w">2004-04-28</subfield>
    <subfield code="y">BK</subfield>
  </datafield>
  <datafield tag="952" ind1=" " ind2=" ">
    <subfield code="0">0</subfield>
    <subfield code="1">0</subfield>
    <subfield code="2">udc</subfield>
    <subfield code="4">0</subfield>
    <subfield code="7">0</subfield>
    <subfield code="a">101</subfield>
    <subfield code="b">101</subfield>
    <subfield code="d">2006-08-15</subfield>
    <subfield code="i">59736</subfield>
    <subfield code="l">0</subfield>
    <subfield code="o">355.58(075) &#x414;35</subfield>
    <subfield code="p">59736</subfield>
    <subfield code="r">2021-12-20 00:00:00</subfield>
    <subfield code="w">2004-04-28</subfield>
    <subfield code="y">BK</subfield>
  </datafield>
  <datafield tag="952" ind1=" " ind2=" ">
    <subfield code="0">0</subfield>
    <subfield code="1">0</subfield>
    <subfield code="2">udc</subfield>
    <subfield code="4">0</subfield>
    <subfield code="7">0</subfield>
    <subfield code="a">101</subfield>
    <subfield code="b">101</subfield>
    <subfield code="d">2012-08-28</subfield>
    <subfield code="i">59738</subfield>
    <subfield code="l">0</subfield>
    <subfield code="o">355.58(075) &#x414;35</subfield>
    <subfield code="p">59738</subfield>
    <subfield code="r">2021-12-20 00:00:00</subfield>
    <subfield code="w">2004-04-28</subfield>
    <subfield code="y">BK</subfield>
  </datafield>
  <datafield tag="952" ind1=" " ind2=" ">
    <subfield code="0">0</subfield>
    <subfield code="1">0</subfield>
    <subfield code="2">udc</subfield>
    <subfield code="4">0</subfield>
    <subfield code="7">0</subfield>
    <subfield code="a">101</subfield>
    <subfield code="b">101</subfield>
    <subfield code="d">2006-08-15</subfield>
    <subfield code="i">59739</subfield>
    <subfield code="l">0</subfield>
    <subfield code="o">355.58(075) &#x414;35</subfield>
    <subfield code="p">59739</subfield>
    <subfield code="r">2021-12-20 00:00:00</subfield>
    <subfield code="w">2004-04-28</subfield>
    <subfield code="y">BK</subfield>
  </datafield>
  <datafield tag="952" ind1=" " ind2=" ">
    <subfield code="0">0</subfield>
    <subfield code="1">0</subfield>
    <subfield code="2">udc</subfield>
    <subfield code="4">0</subfield>
    <subfield code="7">0</subfield>
    <subfield code="a">101</subfield>
    <subfield code="b">101</subfield>
    <subfield code="d">2006-08-15</subfield>
    <subfield code="i">59740</subfield>
    <subfield code="l">0</subfield>
    <subfield code="o">355.58(075) &#x414;35</subfield>
    <subfield code="p">59740</subfield>
    <subfield code="r">2021-12-20 00:00:00</subfield>
    <subfield code="w">2004-04-28</subfield>
    <subfield code="y">BK</subfield>
  </datafield>
  <datafield tag="952" ind1=" " ind2=" ">
    <subfield code="0">0</subfield>
    <subfield code="1">0</subfield>
    <subfield code="2">udc</subfield>
    <subfield code="4">0</subfield>
    <subfield code="7">0</subfield>
    <subfield code="a">101</subfield>
    <subfield code="b">101</subfield>
    <subfield code="d">2006-08-15</subfield>
    <subfield code="i">59741</subfield>
    <subfield code="l">0</subfield>
    <subfield code="o">355.58(075) &#x414;35</subfield>
    <subfield code="p">59741</subfield>
    <subfield code="r">2021-12-20 00:00:00</subfield>
    <subfield code="w">2004-04-28</subfield>
    <subfield code="y">BK</subfield>
  </datafield>
  <datafield tag="952" ind1=" " ind2=" ">
    <subfield code="0">0</subfield>
    <subfield code="1">0</subfield>
    <subfield code="2">udc</subfield>
    <subfield code="4">0</subfield>
    <subfield code="7">0</subfield>
    <subfield code="a">101</subfield>
    <subfield code="b">101</subfield>
    <subfield code="d">2006-08-15</subfield>
    <subfield code="i">59742</subfield>
    <subfield code="l">0</subfield>
    <subfield code="o">355.58(075) &#x414;35</subfield>
    <subfield code="p">59742</subfield>
    <subfield code="r">2021-12-20 00:00:00</subfield>
    <subfield code="w">2004-04-28</subfield>
    <subfield code="y">BK</subfield>
  </datafield>
  <datafield tag="952" ind1=" " ind2=" ">
    <subfield code="0">0</subfield>
    <subfield code="1">0</subfield>
    <subfield code="2">udc</subfield>
    <subfield code="4">0</subfield>
    <subfield code="7">0</subfield>
    <subfield code="a">101</subfield>
    <subfield code="b">101</subfield>
    <subfield code="d">2006-08-15</subfield>
    <subfield code="i">59743</subfield>
    <subfield code="l">0</subfield>
    <subfield code="o">355.58(075) &#x414;35</subfield>
    <subfield code="p">59743</subfield>
    <subfield code="r">2021-12-20 00:00:00</subfield>
    <subfield code="w">2004-04-28</subfield>
    <subfield code="y">BK</subfield>
  </datafield>
  <datafield tag="952" ind1=" " ind2=" ">
    <subfield code="0">0</subfield>
    <subfield code="1">0</subfield>
    <subfield code="2">udc</subfield>
    <subfield code="4">0</subfield>
    <subfield code="7">0</subfield>
    <subfield code="a">101</subfield>
    <subfield code="b">101</subfield>
    <subfield code="d">2006-08-15</subfield>
    <subfield code="i">59744</subfield>
    <subfield code="l">0</subfield>
    <subfield code="o">355.58(075) &#x414;35</subfield>
    <subfield code="p">59744</subfield>
    <subfield code="r">2021-12-20 00:00:00</subfield>
    <subfield code="w">2004-04-28</subfield>
    <subfield code="y">BK</subfield>
  </datafield>
  <datafield tag="952" ind1=" " ind2=" ">
    <subfield code="0">0</subfield>
    <subfield code="1">0</subfield>
    <subfield code="2">udc</subfield>
    <subfield code="4">0</subfield>
    <subfield code="7">0</subfield>
    <subfield code="a">101</subfield>
    <subfield code="b">101</subfield>
    <subfield code="d">2006-08-15</subfield>
    <subfield code="i">59745</subfield>
    <subfield code="l">0</subfield>
    <subfield code="o">355.58(075) &#x414;35</subfield>
    <subfield code="p">59745</subfield>
    <subfield code="r">2021-12-20 00:00:00</subfield>
    <subfield code="w">2004-04-28</subfield>
    <subfield code="y">BK</subfield>
  </datafield>
  <datafield tag="952" ind1=" " ind2=" ">
    <subfield code="0">0</subfield>
    <subfield code="1">0</subfield>
    <subfield code="2">udc</subfield>
    <subfield code="4">0</subfield>
    <subfield code="7">0</subfield>
    <subfield code="a">101</subfield>
    <subfield code="b">101</subfield>
    <subfield code="d">2006-08-15</subfield>
    <subfield code="i">59746</subfield>
    <subfield code="l">0</subfield>
    <subfield code="o">355.58(075) &#x414;35</subfield>
    <subfield code="p">59746</subfield>
    <subfield code="r">2021-12-20 00:00:00</subfield>
    <subfield code="w">2004-04-28</subfield>
    <subfield code="y">BK</subfield>
  </datafield>
  <datafield tag="952" ind1=" " ind2=" ">
    <subfield code="0">0</subfield>
    <subfield code="1">0</subfield>
    <subfield code="2">udc</subfield>
    <subfield code="4">0</subfield>
    <subfield code="7">0</subfield>
    <subfield code="a">101</subfield>
    <subfield code="b">101</subfield>
    <subfield code="d">2006-08-15</subfield>
    <subfield code="i">59748</subfield>
    <subfield code="l">0</subfield>
    <subfield code="o">355.58(075) &#x414;35</subfield>
    <subfield code="p">59748</subfield>
    <subfield code="r">2021-12-20 00:00:00</subfield>
    <subfield code="w">2004-04-28</subfield>
    <subfield code="y">BK</subfield>
  </datafield>
  <datafield tag="952" ind1=" " ind2=" ">
    <subfield code="0">0</subfield>
    <subfield code="1">0</subfield>
    <subfield code="2">udc</subfield>
    <subfield code="4">0</subfield>
    <subfield code="7">0</subfield>
    <subfield code="a">102</subfield>
    <subfield code="b">102</subfield>
    <subfield code="d">2004-04-28</subfield>
    <subfield code="g">18.00</subfield>
    <subfield code="i">68110</subfield>
    <subfield code="l">0</subfield>
    <subfield code="o">355.58(075) &#x414;35</subfield>
    <subfield code="p">68110</subfield>
    <subfield code="r">2021-11-16 00:00:00</subfield>
    <subfield code="w">2004-04-28</subfield>
    <subfield code="y">BK</subfield>
  </datafield>
  <datafield tag="952" ind1=" " ind2=" ">
    <subfield code="0">0</subfield>
    <subfield code="1">0</subfield>
    <subfield code="2">udc</subfield>
    <subfield code="4">0</subfield>
    <subfield code="7">0</subfield>
    <subfield code="a">102</subfield>
    <subfield code="b">102</subfield>
    <subfield code="d">2004-04-28</subfield>
    <subfield code="g">26.40</subfield>
    <subfield code="i">68111</subfield>
    <subfield code="l">0</subfield>
    <subfield code="o">355.58(075) &#x414;35</subfield>
    <subfield code="p">68111</subfield>
    <subfield code="r">2021-12-20 00:00:00</subfield>
    <subfield code="w">2004-04-28</subfield>
    <subfield code="y">BK</subfield>
  </datafield>
  <datafield tag="952" ind1=" " ind2=" ">
    <subfield code="0">0</subfield>
    <subfield code="1">0</subfield>
    <subfield code="2">udc</subfield>
    <subfield code="4">0</subfield>
    <subfield code="7">0</subfield>
    <subfield code="a">102</subfield>
    <subfield code="b">102</subfield>
    <subfield code="d">2004-04-28</subfield>
    <subfield code="g">59.50</subfield>
    <subfield code="i">68112</subfield>
    <subfield code="l">0</subfield>
    <subfield code="o">355.58(075) &#x414;35</subfield>
    <subfield code="p">68112</subfield>
    <subfield code="r">2021-11-16 00:00:00</subfield>
    <subfield code="w">2004-04-28</subfield>
    <subfield code="y">BK</subfield>
  </datafield>
  <datafield tag="952" ind1=" " ind2=" ">
    <subfield code="0">0</subfield>
    <subfield code="1">0</subfield>
    <subfield code="2">udc</subfield>
    <subfield code="4">0</subfield>
    <subfield code="7">0</subfield>
    <subfield code="a">102</subfield>
    <subfield code="b">102</subfield>
    <subfield code="d">2005-12-22</subfield>
    <subfield code="i">68113</subfield>
    <subfield code="l">0</subfield>
    <subfield code="o">355.58(075) &#x414;35</subfield>
    <subfield code="p">68113</subfield>
    <subfield code="r">2021-11-16 00:00:00</subfield>
    <subfield code="w">2004-04-28</subfield>
    <subfield code="y">BK</subfield>
  </datafield>
  <datafield tag="952" ind1=" " ind2=" ">
    <subfield code="0">0</subfield>
    <subfield code="1">0</subfield>
    <subfield code="2">udc</subfield>
    <subfield code="4">0</subfield>
    <subfield code="7">0</subfield>
    <subfield code="a">102</subfield>
    <subfield code="b">102</subfield>
    <subfield code="d">2004-04-28</subfield>
    <subfield code="g">34.00</subfield>
    <subfield code="i">68114</subfield>
    <subfield code="l">0</subfield>
    <subfield code="o">355.58(075) &#x414;35</subfield>
    <subfield code="p">68114</subfield>
    <subfield code="r">2022-02-05 00:00:00</subfield>
    <subfield code="w">2004-04-28</subfield>
    <subfield code="y">BK</subfield>
  </datafield>
  <datafield tag="952" ind1=" " ind2=" ">
    <subfield code="0">0</subfield>
    <subfield code="1">0</subfield>
    <subfield code="2">udc</subfield>
    <subfield code="4">0</subfield>
    <subfield code="7">0</subfield>
    <subfield code="a">102</subfield>
    <subfield code="b">102</subfield>
    <subfield code="d">2004-04-28</subfield>
    <subfield code="g">59.50</subfield>
    <subfield code="i">68115</subfield>
    <subfield code="l">0</subfield>
    <subfield code="o">355.58(075) &#x414;35</subfield>
    <subfield code="p">68115</subfield>
    <subfield code="r">2022-02-05 00:00:00</subfield>
    <subfield code="w">2004-04-28</subfield>
    <subfield code="y">BK</subfield>
  </datafield>
  <datafield tag="952" ind1=" " ind2=" ">
    <subfield code="0">0</subfield>
    <subfield code="1">0</subfield>
    <subfield code="2">udc</subfield>
    <subfield code="4">0</subfield>
    <subfield code="7">0</subfield>
    <subfield code="a">102</subfield>
    <subfield code="b">102</subfield>
    <subfield code="d">2004-04-28</subfield>
    <subfield code="g">59.50</subfield>
    <subfield code="i">68116</subfield>
    <subfield code="l">0</subfield>
    <subfield code="o">355.58(075) &#x414;35</subfield>
    <subfield code="p">68116</subfield>
    <subfield code="r">2021-12-20 00:00:00</subfield>
    <subfield code="w">2004-04-28</subfield>
    <subfield code="y">BK</subfield>
  </datafield>
  <datafield tag="952" ind1=" " ind2=" ">
    <subfield code="0">0</subfield>
    <subfield code="1">0</subfield>
    <subfield code="2">udc</subfield>
    <subfield code="4">0</subfield>
    <subfield code="7">0</subfield>
    <subfield code="a">102</subfield>
    <subfield code="b">102</subfield>
    <subfield code="d">2004-04-28</subfield>
    <subfield code="g">9.79</subfield>
    <subfield code="i">68118</subfield>
    <subfield code="l">0</subfield>
    <subfield code="o">355.58(075) &#x414;35</subfield>
    <subfield code="p">68118</subfield>
    <subfield code="r">2021-11-16 00:00:00</subfield>
    <subfield code="w">2004-04-28</subfield>
    <subfield code="y">BK</subfield>
  </datafield>
  <datafield tag="952" ind1=" " ind2=" ">
    <subfield code="0">0</subfield>
    <subfield code="1">0</subfield>
    <subfield code="2">udc</subfield>
    <subfield code="4">0</subfield>
    <subfield code="7">0</subfield>
    <subfield code="a">102</subfield>
    <subfield code="b">102</subfield>
    <subfield code="d">2012-09-20</subfield>
    <subfield code="i">68119</subfield>
    <subfield code="l">0</subfield>
    <subfield code="o">355.58(075) &#x414;35</subfield>
    <subfield code="p">68119</subfield>
    <subfield code="r">2022-02-05 00:00:00</subfield>
    <subfield code="w">2004-04-28</subfield>
    <subfield code="y">BK</subfield>
  </datafield>
  <datafield tag="952" ind1=" " ind2=" ">
    <subfield code="0">0</subfield>
    <subfield code="1">0</subfield>
    <subfield code="2">udc</subfield>
    <subfield code="4">0</subfield>
    <subfield code="7">0</subfield>
    <subfield code="a">101</subfield>
    <subfield code="b">101</subfield>
    <subfield code="d">2010-03-24</subfield>
    <subfield code="i">59676</subfield>
    <subfield code="l">0</subfield>
    <subfield code="o">355.58(075) &#x414;35</subfield>
    <subfield code="p">59676</subfield>
    <subfield code="r">2022-05-27 00:00:00</subfield>
    <subfield code="w">2020-03-24</subfield>
    <subfield code="y">BK</subfield>
  </datafield>
</record>
